| 000 | 01203nam a2200277Ia 4500 | ||
|---|---|---|---|
| 008 | 0000002002 sp ad 0000000000spa00 | ||
| 090 | _aPSP00 J85a | ||
| 100 | 1 | _aJuncosa, Enrique | |
| 245 | 1 | 0 |
_aAntonio González _b: Aggredere _c/ textos Enrique Juncosa ; traducción Anna García ; fotografía Juan González |
| 300 |
_a71 p. _c/ 24 cm. |
||
| 500 | _aExposición realizada en la Galería Luis Adelantado, Valencia (España), Marzo 8, 2002 \ Incluye cronología del artista \ Con el patronazgo del maestro venezolano Jesús Rafael Soto (q.e.p.d.) \ Texto bilingue : español inglés | ||
| 501 | _aSilencios = Silences / Enrique Juncosa | ||
| 600 | 0 | 0 |
_aGONZALEZ, ANTONIO, 1974/ _xTRABAJOS PICTORICOS |
| 650 | 1 | 4 | _aARTE CONTEMPORANEO ESPAÑOL |
| 650 | 1 | 4 | _aARTISTAS PLASTICOS ESPAÑOLES EXPOSIONES |
| 650 | 1 | 4 | _xCATALOGOS |
| 650 | 1 | 4 | _xEXPOSICIONES |
| 650 | 1 | 4 | _aPINTORES ESPAÑOLES |
| 650 | 1 | 4 | _aPINTURA (TECNICA MIXTA) |
| 650 | 1 | 4 | _aPINTURA AL OLEO |
| 650 | 1 | 4 | _aPINTURA EN ESMALTE |
| 650 | 1 | 4 | _aPINTURA ESPAÑOLA |
| 650 | 1 | 4 | _aPINTURA MODERNA ESPAÑOLA |
| 700 | 1 | _aGarcía, Anna, tr. \ González, Juan | |
| 999 |
_c275 _d275 |
||
| 260 |
_aValencia : Galería Luis Adelantado _c2002 |
||